| 000 | 00634nam a2200217 i 4500 | ||
|---|---|---|---|
| 001 | 18271 | ||
| 003 | ES-MaACL | ||
| 005 | 20230906151810.0 | ||
| 007 | t| | ||
| 008 | 011022s1970 sp ||||1| spa d | ||
| 080 | _a159.922.4(73) | ||
| 100 | 1 |
_aOrtega, Juan Pablo. _987414 |
|
| 245 | 1 | 4 |
_aLos americanos en América / _cJuan Pablo Ortega. |
| 260 |
_a[Barcelona] : _bDopesa, _c[1970] |
||
| 300 |
_a175 p. ; _c19 cm. |
||
| 490 | 1 |
_aDocumento periodístico ; _v8 |
|
| 650 | 1 | 4 |
_aAmericanos- _xPsicología. _99750 |
| 830 | 0 |
_aDocumento periodístico ; _v8 _9182572 |
|
| 852 |
_aES-MaACL _jC-40537 _bR.73272 |
||
| 999 |
_c18271 _d18271 |
||